| 000 | 00584 a2200157 4500 | ||
|---|---|---|---|
| 999 |
_c7194 _d7194 |
||
| 020 | _a0334011825 | ||
| 050 | _aBS118. RAD 1996 | ||
| 100 |
_aRad, Gerhard von, _d1901-1971 _eauthor |
||
| 245 |
_aOld Testament theology : _bVol. 1,. The theology of Israel's historical traditions / _cGerhard von Rad ; [translated from the German by D.M.G. Stalker]. |
||
| 264 |
_aLondon : _bS.C.M. Press, _c1975. |
||
| 300 | _axi, 483 pages ; 23 cm | ||
| 500 | _alncludes index | ||
| 650 |
_aBible. _x Old Testament -- Theology. |
||
| 650 |
_a Bible. _x Old Testament. |
||
| 942 |
_2lcc _cBK _h118 _iRAD _kBS |
||